000 00339 a2200157 4500
001 153340
040 _cEscola São Tomás de Aquino
100 _aMACHADO, Ana Maria
240 1 0 _aDona Baratinha
_lpor
245 1 0 _aDona Baratinha
300 _a31
362 0 _a2004
440 1 _aFTD
697 _a*LITERATURA INFANTO
942 _cBK
999 _c153340
_d153340